00507nam a2200145Ia 4500003000900000008004100009020002600050040001600076100002500092245005600117260003200173300002000205490003300225856010300258IN-BaIIA211028s9999 xx s 000 0 eng d a9780819437839 (Print) cIIA Library aHoover, Richard, ed. 0aX-Ray Optics, Instruments, and Missions IVh[eBook] aWashington, USAbSPIEc2000 aOnline resource aProceedings of SPIE; V. 4138 uhttps://www.spiedigitallibrary.org/conference-proceedings-of-spie/4138yClick Here to Access eBook